000
00291nam a22001337a 4500
008
170922b xxu||||| |||| 00| 0 eng d
020
_a
9780021810109
041
_a
eng
080
_a
37
100
_a
46
101
_a
WSU
245
_a
SPOTLIGH ON LITERACY
_c
NACGRHILL
942
_2
udc
_c
BK
999
_c
29188
_d
29188